Statistics for Alphabetical Lasts

Click here to take the quiz!

General Stats

  • This quiz has been taken 33,230 times
  • The average score is 9 of 22

Answer Stats

CategoryAnswer% Correct
PlanetsVenus
91%
Days of the weekWednesday
88%
CountriesZimbabwe
82%
Greek godsZeus
74%
U.S. statesWyoming
73%
Colors of the rainbowYellow
71%
Seven dwarfsSneezy
50%
Santa's reindeerVixen
46%
Greek letters (spelled out)Zeta
46%
Signs of the ZodiacVirgo
42%
Common female namesZoey
41%
Monarchs of EnglandWilliam
36%
Last names of U.S. PresidentsWilson
30%
Cities in England (official)York
28%
Whole numbers (spelled out)Zero
28%
Elements in the Periodic TableZirconium
27%
NFL team namesVikings
20%
Well-known auto brandVolvo
19%
National capitalsZagreb
19%
Major world cities (> 1 million in metro)Zurich
11%
Roman numeralsXXXVIII
8%
Animals in the dictionaryZyzzyva
2%

Score Distribution

Percentile by Number Answered

Percent of People with Each Score

Your Score History

You have not taken this quiz